000 00324nam a2200109Ia 4500
008 171211s9999 xx 000 0 und d
245 _aWhy a Gay Person Can't be Made Un-Gay
245 _cMartin Kantor
260 _c2014
650 _xTRAVEL
856 _uhttp://down.ebook777.com/016/WhyAGayPerCanBeMadUngTheTruAboRepThe.pdf
999 _c347716
_d347716